The energy and environment checklist : an annotated bibliography of resources /

Bibliographic Details
Main Author: Warren, Betty
Corporate Author: Friends of the Earth
Format: Book
Language:English
Published: ©1980
Subjects:

MARC

Tag First Indicator Second Indicator Subfields
LEADER 00000cam a2200000 a 4500
001 in00000644521
005 20151015064334.0
008 801209s1980 cau b 00110 engm
010 |a  79056912  
020 |a 0913890375 (pbk.) ($5.95) 
035 |a (OCoLC)06802124 
035 |9 ACW2795AM 
040 |a DLC  |c DLC  |d m.c.  |d TXA  |d UtOrBLW 
049 |a TXAM  |c [385109] 
050 0 0 |a Z5863.E54  |b W37  |a TD195.E49 
082 0 |a 016.33379  |2 19 
100 1 |a Warren, Betty. 
245 1 4 |a The energy and environment checklist :  |b an annotated bibliography of resources /  |c prepared by Betty Warren ; [cover by Bill Oetinger]. 
264 2 |a San Francisco :  |b Friends of the Earth : distributed by Friends of the Earth Books,  |c [1980] 
264 4 |c ©1980 
300 |a 228 pages ;  |c 23 cm. 
336 |a text  |b txt  |2 rdacontent 
337 |a unmediated  |b n  |2 rdamedia 
338 |a volume  |b nc  |2 rdacarrier 
500 |a Includes index. 
650 0 |a Energy development  |x Environmental aspects  |x Bibliography. 
710 2 |a Friends of the Earth. 
999 |a MARS 
999 f f |s f4337581-f3f8-38b0-8aa7-d9697a1bfeb8  |i 5781cfff-f88d-367a-b87f-20de751b2ade  |t 0 
952 f f |p ric  |a Texas A&M University  |b Rellis Campus  |c Joint Library Facility  |d Remote Storage  |t 0  |e Z5863.E54 W37  |h Library of Congress classification  |i unmediated -- volume  |m A14805790372 
998 f f |a Z5863.E54 W37  |t 0  |l Remote Storage